00751nam a2200241 a 4500001001300000003000900013005001700022008004100039020002300080082001500103100002000118245006700138260003100205300000900236500003500245505001900280650002700299700002000326902000800346942000700354952013100361999001700492nice12345678IN_TiNIC20260116013853.0050524s1967 newa grp 000 0 eng  a0385054 c28400a306.6bBER aBerger, Peter L aSacred Canopyb Elements of a Sociological Theory of Religion. aNew YorkbDoubleday c1967 a229p aincludes index and biblioraphy2 aSubject Index. aReligion and Sociology1 aBerger, Peter L bSRS cBK 001040708StackRoom-aHMIbHMId2007-04-04g284.00l6m1o306.6 BERp019645r2024-12-12s2024-12-10v284.00w2005-05-24yBK c12887d12887